000 01085nas a2200253Ia 4500
001 R031/43900
003 IT-RoPAU
008 151124c99999999xx |||||||||||| ||und||
040 _aIT-RoPAU
040 _cIT-RoPAU
041 _aITALIANO
100 _aArosio Mario
_gCodice Aut. SPICS: 9786
210 _aRIVISTA DEL CINEMATOGRAFO
222 _aRivista Del Cinematografo
245 _aRIVISTA DEL CINEMATOGRAFO, ANNO 48-N.11 (NOVEMBRE 1975)
_bCinema Arabo E Africano-3-Strutture Economiche E Organizzative
250 _a1a ed.
260 _aROMA
_bCITTA' ETERNA
_c1975
501 _bPaulus - SPICS - Società San Paolo EM (non-commercial uses only)
_cCopyright2015
300 _a15 p. [477-491]
362 _aANNO 048, N.11 (NOVEMBRE 1975)
500 _aDossier Sul Cinema Arabo e Africano. Documenti Sulle Strutture Economiche di Alcuni Paesi Arabi e Africani. Ruolo del Monopolio per L'Importazione e la Distribuzione dei Film in Tunisia. Problemi della Produzione e Distribuzione nel Senegal, nel Dahomey.
650 _aCINEMA
_vPUBBLICAZIONE PERIODICA
942 _cCR
999 _c171636
_d171636